000 00783nam a22002417a 4500
001 13131
003 HDC
007 cr bn ---
008 210212 my |0 eneng
040 _aHDC
245 0 _aIntroduction to Islamic Economics and Finance
260 _a[No place] :
_b[publisher not identified],,
_c[no year]
300 _a244 pages
336 _atext
_2rdacontent
337 _acomputer
_2rdamedia
338 _aonline resource
_2rdacarrier
650 _aIslamic finance
_9181
650 _aShariah contracts
_913961
856 _zRequest full-text at [email protected]
942 _2lcc
942 _cEBOOK
942 _kEBOK 002077
999 _c10447
_d10447